000 00345nam a22001457a 4500
003 OSt
005 20160727222541.0
008 160712b xxu||||| |||| 00| 0 eng d
040 _cTEST
100 _92695
_a Allen, G. F
245 _aAmerican rail roads
260 _aUSA
_b Brain trodd
_c1990
300 _aAmerican rail roads
942 _2ddc
_cBK
999 _c2342
_d2342